Lack of adverse effects of whole-body exposure to a mobile telecommunication electromagnetic field on the rat fetus /
Saved in:
| Other Authors: | , , , , , , , , , , , |
|---|---|
| Format: | Article |
| Language: | English |
| Subjects: | |
| Tags: |
Add Tag
No Tags, Be the first to tag this record!
|
| Institutions: | Thư viện Trường Đại học Đà Lạt |
|---|
| LEADER | 01256nam a2200421 4500 | ||
|---|---|---|---|
| 001 | DLU110117875 | ||
| 005 | ##20101221 | ||
| 040 | # | # | |a DLU |b eng |
| 041 | # | # | |a eng |
| 044 | # | # | |a us |
| 245 | # | # | |a Lack of adverse effects of whole-body exposure to a mobile telecommunication electromagnetic field on the rat fetus / |c Satoru Takahashi ... [et al.]. |
| 653 | # | # | |a Cellular phone |
| 653 | # | # | |a Electromagnetic field |
| 653 | # | # | |a Mobile telecommunication |
| 653 | # | # | |a Rats |
| 653 | # | # | |a Whole-body exposure |
| 700 | # | # | |a Fujiwara, Osamu. |
| 700 | # | # | |a Imai, Norio. |
| 700 | # | # | |a Kawabe, Mayumi. |
| 700 | # | # | |a Kawai, Hiroki. |
| 700 | # | # | |a Nabae, Kyoko. |
| 700 | # | # | |a Ogawa, Kumiko. |
| 700 | # | # | |a Shirai, Tomoyuki. |
| 700 | # | # | |a Takahashi, Satoru. |
| 700 | # | # | |a Tamano, Seiko. |
| 700 | # | # | |a Wake, Kanako. |
| 700 | # | # | |a Wang, Jianqing. |
| 700 | # | # | |a Watanabe, So-ichi. |
| 773 | # | # | |t Radiation Research |g Vol. 173, no. 3 (March 2010), p. 362-372 |
| 920 | # | # | |a Phòng Tạp chí -- Trung tâm Thông tin - Thư viện Trường Đại học Đà Lạt |
| 994 | # | # | |a DLU |
| 900 | # | # | |a True |
| 911 | # | # | |a Trương Bảo Trâm Anh |
| 925 | # | # | |a G |
| 926 | # | # | |a A |
| 927 | # | # | |a BB |
| 980 | # | # | |a Thư viện Trường Đại học Đà Lạt |